UM Logo

The golden laws: (Record no. 1435)

MARC details
000 -LEADER
fixed length control field 00546nam a2200169 4500
008 - FIXED-LENGTH DATA ELEMENTS--GENERAL INFORMATION
fixed length control field 160323b xxu||||| |||| 00| 0 eng d
020 ## - INTERNATIONAL STANDARD BOOK NUMBER
International Standard Book Number 9781930051611
082 ## - DEWEY DECIMAL CLASSIFICATION NUMBER
Edition number 2012
Classification number DC 299.93
Item number Ok41
100 ## - MAIN ENTRY--PERSONAL NAME
9 (RLIN) 4319
Personal name Okawa, Ryuho
245 ## - TITLE STATEMENT
Title The golden laws:
Remainder of title history through the eyes of the eternal Buddha/
Statement of responsibility, etc. Ryuho Okawa
260 ## - PUBLICATION, DISTRIBUTION, ETC. (IMPRINT)
Place of publication, distribution, etc. New York:
Name of publisher, distributor, etc. Lantern Books,
Date of publication, distribution, etc. c2012.
300 ## - PHYSICAL DESCRIPTION
Extent xii, 229 pages;
Dimensions 22 cm.
500 ## - GENERAL NOTE
General note Includes index.
650 #0 - SUBJECT ADDED ENTRY--TOPICAL TERM
9 (RLIN) 4322
Topical term or geographic name as entry element Kōfuku no Kagaku (Organization)
650 #0 - SUBJECT ADDED ENTRY--TOPICAL TERM
9 (RLIN) 4323
Topical term or geographic name as entry element Spiritual life
942 ## - ADDED ENTRY ELEMENTS (KOHA)
Source of classification or shelving scheme Dewey Decimal Classification
Koha item type Circulation
Holdings
Withdrawn status Lost status Source of classification or shelving scheme Damaged status Not for loan Collection code Home library Current library Shelving location Date acquired Source of acquisition Total Checkouts Full call number Barcode Date last seen Date last checked out Copy number Price effective from Koha item type
    Dewey Decimal Classification     Circulation UM Digos College - LIC UM Digos College - LIC Book Cart 03/01/2014 Donated 1 DC 299.93 Ok41 2012 22274 05/15/2025 07/31/2019 1 03/23/2016 Circulation